000 00914nam a2200277Ia 4500
005 20220316235544.0
008 121119s2002 sp a gr 000 j spa
020 _a8484521338
041 0 _aspa
100 1 _aGris García, Ana
245 1 0 _aColillas C. F.
_cAna Gris García ; diseño de cubierta e ilustraciones, José Luis Tellería
250 _aPrimera edición
300 _a63 páginas
_bilustraciones
_c24 cm
490 0 _aPequeños ciudadanos
650 1 4 _aCuentos infantiles españoles
_2LEMB
650 1 4 _a Literatura infantil española
_2LEMB
650 1 4 _aFeminismo en la literatura
_2LEMB
700 1 _aTellería, José Luis
_eilustrador
_938769
942 _2loc
_cBKINF
264 _aMadrid
_bBruño
_c2002
336 _atexto
_btxt
_2rdacontent
337 _asin mediación
_bn
_2rdamedia
338 _avolumen
_bnc
_2rdacarrier
040 _aCO-BoRNBP
_bspa
_erda
_cCO-BoRNBP
084 _aC GRI3
999 _c1343
_d1343